Statistics for Harry Potter Title Words

Click here to take the quiz!

General Stats

  • This quiz has been taken 54 times
  • The average score is 17 of 20

Answer Stats

HintAnswer% Correct
Tthe
96%
Aand
94%
HHarry
94%
Oof
94%
BBlood
92%
PPrince
92%
SStone
92%
HHalf
90%
PPotter
88%
AAzkaban
86%
CChamber
86%
DDeathly
86%
FFire
86%
GGoblet
86%
HHallows
84%
OOrder
84%
PPhoenix
84%
PPrisoner
84%
SSecrets
84%
PPhilosopher's
65%

Score Distribution

Percentile by Number Answered

Percent of People with Each Score

Your Score History

You have not taken this quiz